| 000 -LEADER |
| fixed length control field |
02672cam a2200349 a 4500 |
| 001 - CONTROL NUMBER |
| control field |
15772267 |
| 003 - CONTROL NUMBER IDENTIFIER |
| control field |
USPCAS-E |
| 005 - DATE AND TIME OF LATEST TRANSACTION |
| control field |
20180118181411.0 |
| 008 - FIXED-LENGTH DATA ELEMENTS--GENERAL INFORMATION |
| fixed length control field |
090611s2009 njuab b 001 0 eng |
| 010 ## - LIBRARY OF CONGRESS CONTROL NUMBER |
| LC control number |
2009023129 |
| 020 ## - INTERNATIONAL STANDARD BOOK NUMBER |
| International Standard Book Number |
9780470527566 |
| 020 ## - INTERNATIONAL STANDARD BOOK NUMBER |
| International Standard Book Number |
0470527560 |
| 035 ## - SYSTEM CONTROL NUMBER |
| System control number |
(OCoLC)ocn317456182 |
| 040 ## - CATALOGING SOURCE |
| Original cataloging agency |
DLC |
| Transcribing agency |
DLC |
| Modifying agency |
BTCTA |
| -- |
C#P |
| -- |
BWX |
| -- |
CDX |
| -- |
VP@ |
| -- |
YDXCP |
| -- |
DLC |
| 050 00 - LIBRARY OF CONGRESS CALL NUMBER |
| Classification number |
TJ808 |
| Item number |
.H44 2009 |
| 082 00 - DEWEY DECIMAL CLASSIFICATION NUMBER |
| Classification number |
333.79 |
| Edition number |
22 |
| Author Mark |
HEF-G 2009 |
| 100 1# - MAIN ENTRY--PERSONAL NAME |
| Personal name |
Hefner, Robert A., |
| Dates associated with a name |
1935- |
| 245 14 - TITLE STATEMENT |
| Title |
The grand energy transition : |
| Remainder of title |
the rise of energy gases, sustainable life and growth, and the next great economic expansion / |
| Statement of responsibility, etc. |
Robert A. Hefner III. |
| 260 ## - PUBLICATION, DISTRIBUTION, ETC. |
| Place of publication, distribution, etc. |
Hoboken, N.J. : |
| Name of publisher, distributor, etc. |
Wiley, |
| Date of publication, distribution, etc. |
c2009. |
| 300 ## - PHYSICAL DESCRIPTION |
| Extent |
xvii, 270 p. : |
| Other physical details |
ill., maps ; |
| Dimensions |
24 cm. |
| 502 ## - DISSERTATION NOTE |
| Dissertation note |
0 |
| 504 ## - BIBLIOGRAPHY, ETC. NOTE |
| Bibliography, etc. note |
Includes bibliographical references and index. |
| 520 ## - SUMMARY, ETC. |
| Summary, etc. |
"A groundbreaking book on solving our growing energy problems. In this visionary book, leading energy industry executive Robert Hefner puts forth a convincing case about how the world can move beyond its current dependence on oil and toward a new era of clean, renewable energy. Written with the knowledge and authority of a major player in this industry, Hefner relates how misguided government policies and vested industry interests have contributed to our current energy problems and proposes a variety of measures that could encourage the use of natural gas, solar, wind, and hydrogen. Convincingly makes the case that natural gas is the essential bridge fuel to a new era of clean, renewable energy sources. Details how natural gas can help break our oil and coal dependency. Offers a sweeping, historic picture of the world energy situation. Presents a compelling and provocative case that natural gas is key to our short-term energy problems. A well-written and engaging book that mixes personal anecdotes and experiences with insightful analysis, The Grand Energy Transition is a powerful argument about how we can best solve our toughest energy problems"--Provided by publisher. |
| 650 #0 - SUBJECT ADDED ENTRY--TOPICAL TERM |
| Topical term or geographic name entry element |
Renewable energy sources. |
| 650 #0 - SUBJECT ADDED ENTRY--TOPICAL TERM |
| Topical term or geographic name entry element |
Energy policy. |
| 856 42 - ELECTRONIC LOCATION AND ACCESS |
| Materials specified |
Publisher description |
| Uniform Resource Identifier |
<a href="http://www.loc.gov/catdir/enhancements/fy0913/2009023129-d.html">http://www.loc.gov/catdir/enhancements/fy0913/2009023129-d.html</a> |
| 856 41 - ELECTRONIC LOCATION AND ACCESS |
| Materials specified |
Table of contents only |
| Uniform Resource Identifier |
<a href="http://www.loc.gov/catdir/enhancements/fy0913/2009023129-t.html">http://www.loc.gov/catdir/enhancements/fy0913/2009023129-t.html</a> |
| 856 42 - ELECTRONIC LOCATION AND ACCESS |
| Materials specified |
Contributor biographical information |
| Uniform Resource Identifier |
<a href="http://www.loc.gov/catdir/enhancements/fy0914/2009023129-b.html">http://www.loc.gov/catdir/enhancements/fy0914/2009023129-b.html</a> |
| 906 ## - LOCAL DATA ELEMENT F, LDF (RLIN) |
| a |
7 |
| b |
cbc |
| c |
orignew |
| d |
1 |
| e |
ecip |
| f |
20 |
| g |
y-gencatlg |
| 942 ## - ADDED ENTRY ELEMENTS (KOHA) |
| Source of classification or shelving scheme |
|
| Koha item type |
Book |